000 00244nam a2200109Ia 4500
008 190216s9999||||xx |||||||||||||| ||und||
100 _aJaggi G L
245 0 _aCompetition Times
260 _bPradeep Pub
_c1998
300 _a1078p
942 _cREF
999 _c36377
_d36377